header

The Caribbean banana trade (Record no. 179314)

MARC details
000 -LEADER
fixed length control field 01337nam a22003134a 4500
082 04 - DEWEY DECIMAL CLASSIFICATION NUMBER
Classification number 382/.414772/09729
100 1# - MAIN ENTRY--AUTHOR NAME
Personal name Clegg, Peter,
245 14 - TITLE STATEMENT
Title The Caribbean banana trade
260 ## - PUBLICATION, DISTRIBUTION, ETC. (IMPRINT)
Place of publication Houndmills, Basingstoke, Hampshire ;
-- New York :
Name of publisher Palgrave Macmillan,
Year of publication 2002.
300 ## - PHYSICAL DESCRIPTION
Number of Pages xiv, 213 p. :
Other physical details map.
490 1# - SERIES STATEMENT
Series statement International political economy series
650 #0 - SUBJECT ADDED ENTRY--TOPICAL TERM
Topical Term Banana trade
856 40 - ELECTRONIC LOCATION AND ACCESS
Uniform Resource Identifier http://site.ebrary.com/lib/rucke/Doc?id=10044863

No items available.

© 2026 Rongo University
Contact us: librarian | system librarian | Rongo university